Statistics for 難解驛名表

Click here to take the quiz!

General Stats

  • This quiz has been taken 517 times
  • The average score is 42 of 257

Answer Stats

駅名路線名読み% Correct
函南東海道本線かんなみ
91%
膳所東海道本線ぜぜ
89%
厚狭山陽本線あさ
78%
石原山陰本線いさ
70%
石動北陸本線いするぎ
69%
石和中央本線いさわ
63%
城崎山陰本線きのさき
59%
信楽信楽線しがらき
59%
勿来常磐線なこそ
59%
寒河江左沢線さがえ
59%
下松柳井線くだまつ
57%
坂祝高山本線さかほぎ
56%
柏原福知山線かいばら
55%
八街総武本線やちまた
54%
英賀保山陽本線あがほ
53%
木次木次線きすき
52%
有年山陽本線うね
50%
茂木真岡線もてぎ
50%
動橋北陸本線いぶりばし
47%
御所和歌山線ごせ
47%
安食成田線あじき
47%
安積永盛東北本線あさかながもり
46%
愛子仙山東線あやし
46%
厚保美祢線あつ
45%
洗馬中央本線せば
45%
土師因美線はじ
44%
刑部作備線おさかべ
43%
象潟羽越本線きさかた
42%
芦原三国線あはら
41%
戸田山陽本線へた
40%
及位奥羽本線のぞき
40%
階上八戸線はしかみ
39%
有珠室蘭本線うす
39%
業平橋東武鉄道なりひらばし
39%
宿毛野村自動車すくも
38%
印南紀勢西線いなみ
38%
挙母三河鉄道ころも
38%
七飯函館本線ななえ
37%
東福生八高線ひがしふつさ
36%
妹背牛函館本線もせうし
35%
交野信貴生駒電鉄かたの
35%
海士有木小湊鉄道あまありき
32%
標茶釧網線しべちや
32%
潮来水郷汽船いたこ
32%
埴生山陽本線はぶ
31%
置賜奥羽本線おいたま
30%
幸手東武鉄道さつて
30%
額田水郡線ぬかだ
30%
福生青梅電気鉄道ふつさ
29%
彼杵大村線そのぎ
29%
枚方東口信貴生駒電鉄ひらかたひがしぐち
29%
飫肥宮崎県営鉄道おび
28%
動木野上電気鉄道とどろき
27%
平群信貴生駒電鉄へぐり
27%
土師ノ里大阪鉄道はじのさと
27%
礼拝越後線らいはい
26%
特牛山陰本線こつとい
26%
出水鹿児島本線いづみ
25%
温海羽越本線あつみ
25%
公文琴平急行電鉄くもん
25%
文挾日光線ふばさみ
25%
馬来田久留里線まくた
24%
富海山陽本線とのみ
23%
南風原沖縄県営鉄道はえばる
23%
石蟹伯備線いしが
23%
沼垂信越本線ぬつたり
23%
上常呂網走本線かみところ
22%
芳養紀勢西線はや
22%
越生八高線をごせ
21%
古井高山本線こび
21%
大畑肥薩線おこば
21%
用瀬因美線もちがせ
20%
上枝高山本線ほづえ
20%
和食高知鉄道わじき
20%
当麻寺大阪鉄道たいまでら
20%
柴島京阪電気鉄道くにじま
20%
朝来紀勢西線あつそ
20%
学文路南海鉄道かむろ
20%
朝陽長野電鉄あさひ
20%
海鹿島銚子鉄道あしかじま
19%
小鳥谷東北本線こづや
19%
額田部大阪電気鉄道ぬかたべ
19%
万能倉福塩南線まなぐら
19%
国英因美線くにふさ
18%
河堀口大阪鉄道こぼれぐち
18%
伽羅橋南海鉄道きやらばし
18%
美袋伯備線みなぎ
18%
北谷沖縄県営鉄道ちやたん
18%
妹尾宇野線せのを
18%
金浦羽越本線このうら
17%
飯給小湊鉄道いたぶ
17%
杉津北陸本線すいづ
17%
笠田和歌山線かせだ
17%
丹生高徳線にぶ
17%
妻鹿山陽電気鉄道めが
17%
築城日豊本線ついき
16%
総元木原線ふさもと
16%
気賀浜松鉄道けが
16%
日出日豊本線ひぢ
16%
桑折東北本線こをり
15%
府中徳島本線こふ
15%
松前伊予鉄道電気まさき
15%
左沢左沢線あてらざは
15%
忍海南和電気鉄道おしみ
15%
土佐一宮高知線とさいつく
15%
深日南海鉄道ふけ
15%
安芸幸崎三呉線あきさいざき
15%
京都電燈どめき
14%
大歩危野村自動車おほぼけ
14%
栗田宮津線くんだ
14%
加悦加悦鉄道かや
14%
布施屋和歌山線ほしや
14%
酒々井成田線しすゐ
13%
南風崎大村線はえのさき
13%
粟生播丹鉄道あを
13%
登米仙北鉄道とよま
13%
一日市奥羽本線ひといち
13%
城端中越線じやうはな
12%
上徳富札沼北線かみとつぷ
12%
求名東金線ぐみやう
12%
五十崎愛媛線いかざき
12%
三留野中央本線みどの
12%
麻績篠ノ井線をみ
12%
我孫子前南海鉄道あびこまへ
11%
東風平沖縄県営鉄道こちんだ
11%
城間沖縄県営鉄道ぐすくま
11%
沢入足尾線そおり
11%
狭山ヶ丘武蔵野鉄道さやまがをか
11%
戸坂芸備鉄道へさか
11%
成岩知多鉄道ならは
10%
比延播丹鉄道ひえ
10%
長万部函館本線をしやまんべ
10%
発坂京都電燈ほつさか
10%
秋鹿町一畑電気鉄道あいかまち
10%
漕代伊勢電気鉄道こいしろ
9%
生保内生保内線おぼない
9%
川跡一畑電気鉄道かはと
9%
芳賀黒田常野線はがくろだ
9%
弘明寺湘南電気鉄道ぐみやうじ
9%
清児水間鉄道せちご
9%
枚岡大阪電気軌道ひらをか
8%
沙留名寄本線さるる
8%
下府山陰本線しもこふ
8%
光岡久大線てるをか
8%
夫婦石伊万里線めをといし
8%
祝園片町線はふその
8%
厳木唐津線きうらぎ
8%
大三東島原鉄道おほみさき
7%
挿頭丘琴平電鉄かざしがをか
7%
外山大阪電気鉄道とみ
7%
新祝園奈良電気鉄道しんはふその
7%
国包播丹鉄道くにかね
7%
川渡陸羽東線かはたび
7%
石生福知山線いさふ
7%
宇出津丸中汽船うしつ
7%
五十川羽越本線いらがは
7%
神農原上信電気鉄道かのはら
7%
西馬音内雄勝鉄道にしもない
7%
木場茶屋鹿児島本線こばんちやや
7%
穴太北勢電気鉄道あなふ
6%
長流室蘭本線をさる
6%
調川伊万里線つきのかは
6%
皆生温泉米子電車軌道かいけをんせん
6%
旅伏一畑電気鉄道たぶし
6%
世名城沖縄県営鉄道よなぐすく
6%
五十公野赤谷線いじみの
6%
愛知川近江鉄道ゑちがは
6%
木屋瀬九州鉱業こやのせ
6%
蚕桑長井線こぐは
5%
房前四国水力電気ふさざき
5%
浅海井日豊本線あざむゐ
5%
止若根室本線やむわつか
4%
壬生川予讃本線にふがは
4%
麻植塚徳島本線をゑづか
4%
吾桑高知線あさう
4%
網田三角線あふだ
4%
札沼北線やはら
4%
百々三河鉄道どうど
4%
枝下三河鉄道しだれ
4%
麻生田北勢電気鉄道あふだ
4%
饗庭江若鉄道あひば
4%
水流宮林線つる
4%
丹生川三岐鉄道にふがは
4%
富来能登鉄道とぎ
4%
広神戸伊勢電気鉄道ひろがうど
4%
新飯田新潟電鉄にひだ
3%
公庄北丹鉄道ぐじやう
3%
鹿籠南薩鉄道かご
3%
布良北倉本線めら
3%
精進富士山麓電気鉄道せうじ
3%
手結高知鉄道てゐ
3%
神威歌志内線かもゐ
3%
美深宗谷本線ぴうか
3%
小生三岐鉄道こも
3%
挙母昭和町岡多本線ころもせうわまち
3%
伊勢有田伊勢電気鉄道いせうだ
3%
自凝島淡路鉄道おのころじま
3%
三納代日豊本線みなしろ
3%
上守内岩日線かみしゆうち
3%
水呑鞆鉄道みのみ
2%
掃守淡路鉄道かもり
2%
塘沽近海郵船たんくう
2%
知夫隠岐汽船ちぶり
2%
三会島原鉄道みゑ
2%
左鐙岩日線さぶみ
2%
下石駄知鉄道おろし
2%
生石口野上電気鉄道おいしぐち
2%
重根野上電気鉄道しこね
2%
射沢松阪電気鉄道ゐざわ
2%
新川上毛電気鉄道につかは
2%
傍陽上田温泉電軌そへひ
2%
目尾幸袋線しやかのを
2%
灯台笹能美電気鉄道とだしの
2%
誉田八幡大阪鉄道こんだはちまん
2%
北府南越鉄道きたごふ
2%
孝子南海鉄道けうし
1%
飯村浜名線いむれ
1%
雲谷十和田線もや
1%
黄金蘂室蘭本線おこんしべ
1%
越喜来三陸汽船をつきらい
1%
小豆沢花輪線あずきざは
1%
小粟田原魚沼線こをだはら
1%
八鹿山陰本線やをか
1%
蘇澳台湾鉄道すあう
1%
江頭台湾鉄道かんたう
1%
里墘台湾鉄道りらん
1%
交力坪台湾鉄道からぴん
1%
多囉嘕台湾鉄道たろえん
1%
安口園篠本線はだかす
1%
波々伯部前園篠本線はうかべまへ
1%
日南瀬防長線ひなたせ
1%
祝田浜松鉄道はふだ
1%
砂子赤穂鉄道まなご
1%
観音下尾小屋鉄道かながそ
1%
木津用水名岐鉄道こつようすゐ
1%
海山道伊勢電気鉄道みやまだう
1%
冠石野耶馬渓鉄道かぶしの
1%
海味三山電気鉄道かいしう
1%
七崎五戸電気鉄道ならざき
1%
蛤蟆塘南満州鉄道はまたん
1%
紫尾筑波鉄道しひを
1%
干河南薩鉄道ひご
1%
頂坪新高製糖てんぺん
0%
阿幸樺太鉄道おかう
0%
烏麻園大日本精糖うまふん
0%
万興大日本精糖まんひん
0%
猫聴干大日本精糖ばじかん
0%
港墘明治製糖かんきん
0%
車籠埔帝国製糖ちやらんぽ
0%
柑子井新高製糖かむあちん
0%
米町能登鉄道こむまち
0%
神原日豊本線がうのはる
0%
驛部田松阪電気鉄道まやのへた
0%
納所安濃鉄道なふそ
0%
小比内弘南鉄道さいない
0%
獒樹朝鮮鉄道がうじゆ
0%
御麻生薗松阪電気鉄道みをうその
0%

Score Distribution

Percentile by Number Answered

Percent of People with Each Score

Your Score History

You have not taken this quiz